000 00474nam a2200169Ia 4500
999 _c38285
_d38285
003 GCL
005 20240530103310.0
008 140319s9999 xx 000 0 ara d
040 _aGCL /
_cGCL
082 0 4 _a272.2
_bك ت
100 1 _aكمال الصليبى
245 1 0 _aالتوراه جاءت من جزيرة العرب /
_cكمال الصليبى
300 _a336 ص
650 0 4 _aالتوراة
700 1 _aعفيف الرزاز (مترجم)
942 _2ddc
_cBK